LEADER 00871nab a2200133 i 4500 001 000000329693 003 CaOOAMICUS 005 20180831173625.0 008 180831n it uu u0 0ita r 013 $a41371 040 $aSeMil$bita 245 10$aTra preghiera, lavoro e comunione fraterna. Dal monastero di San Benedetto in centro a Milano, le Benedettine dell'Adorazione perpetua del SS. Sacramento, che hanno curato nei mesi scorsi la rubrica di preghiera... In [rubrica] :$bVita monastica. 773 0 $tVocazione e cambiamento d'epoca. - 32 p. - Titolo dalla copertina.$gp.18-19$w()291856 996 $6245$aTra preghiera, lavoro e comunione fraterna. Dal monastero di San Benedetto in centro a Milano, le Benedettine dell'Adorazione perpetua del SS. Sacramento, che hanno curato nei mesi scorsi la rubrica di preghiera... In [rubrica] :$bVita monastica.$9(OLS)http://semarc/title/418170 LEADER 00967nam a2200265 4500 001 000000343981 003 CaOOAMICUS 005 20210126114106.0 008 210126s1987 fr 000 u fre r 020 $a2-85244-821-1 040 $aSeMil$bita 100 1 $aRiaud, Alexis.$0(OLS)http://semarc/name/65597 245 10$aPetit traité de métaphysique /$cAlexis Riaud. 264 1$aParis :$bTéqui,$c1987. 300 $a64 p. ;$c22 cm 541 0 $aFondo mons. Pasquale Macchi 650 4$aMetafisica.$0(OLS)http://semarc/subject/188 850 $aSeMil 852 $aSeMil$W1$xVenegono$y1$m2P III 875$j223950$B235032$CSeMilBibl$Z2$F235032 $81 941 1 $a8 961 $aFondo mons. Pasquale Macchi 996 $6020$a2-85244-821-1$9(OLS)http://semarc/number/292203 996 $6245$aPetit traité de métaphysique$9(OLS)http://semarc/title/433044 996 $6264$aParis :$bTéqui$9(OLS)http://semarc/publisher/30134